Minecraft Potions - Statistics

General Stats
  • This quiz has been taken 798 times
    700 since last reset
  • The average score is 12 of 19
Answer Stats
Answers % Correct
Potion of Poison
89%
Potion of Healing
87%
Potion of Harming
84%
Potion of Strength
78%
Potion of Fire Resistance
77%
Potion of Swiftness
77%
Potion of Slowness
75%
Potion of Night Vision
73%
Potion of Weakness
70%
Potion of Regeneration
69%
Potion of Leaping
68%
Potion of Water Breathing
64%
Potion of Invisibility
60%
Potion of the Turtle Master
57%
Potion of Slow Falling
55%
Potion of Oozing
24%
Potion of Infestation
23%
Potion of Weaving
16%
Potion of Wind Charging
13%
No matching quizzes found
Score Distribution
Percent of People with Each Score
Percentile by Number Answered
Your Score History
You have not taken this quiz since the last reset